Le lave di Radicofani / (Record no. 159455)

MARC details
000 -LEADER
campo de control de longitud fija 01037nam a22002535i 4500
001 - NÚMERO DE CONTROL
campo de control 159455
003 - IDENTIFICADOR DE NÚMERO DE CONTROL
campo de control ES-MaACL
005 - FECHA Y HORA DE LA ÚLTIMA TRANSACCIÓN
campo de control 20250726063041.0
008 - DATOS DE LONGITUD FIJA--INFORMACIÓN GENERAL
campo de control de longitud fija 040913s1887 it af |||| | ita d
040 ## - FUENTE DE CATALOGACIÓN
Centro catalogador/agencia de origen CAM
Lengua de catalogación spa
Centro/agencia transcriptor CAM
080 ## - NÚMERO DE LA CLASIFICACIÓN DECIMAL UNIVERSAL
Número de la Clasificación Decimal Universal 551.21(450)
100 1# - ENTRADA PRINCIPAL--NOMBRE DE PERSONA
Nombre de persona Mercalli, Giuseppe,
Fechas asociadas al nombre 1850-1914
Término indicativo de función/relación Autor
9 (RLIN) 129847
245 13 - MENCIÓN DEL TÍTULO
Título Le lave di Radicofani /
Mención de responsabilidad, etc. nota del prof. G. Mercalli
260 ## - PUBLICACIÓN, DISTRIBUCIÓN, ETC.
Lugar de publicación, distribución, etc. Milano :
Nombre del editor, distribuidor, etc. [s.n.],
Fecha de publicación, distribución, etc. 1887
Fabricante (Tip. Bernardoni di C. Rebeschini e C.)
300 ## - DESCRIPCIÓN FÍSICA
Extensión 14 páginas, [1] hoja de lámina ;
Dimensiones 23 cm
594 ## - Nota al título y mención de responsabilidad
Nota al título y mención de responsabilidad Tít. y autor tomados de principio de texto
599 ## - NOTA A LAS ILUSTRACIONES
NOTA A LAS ILUSTRACIONES Lám. cromolit.: "Lit. L. Ronchi", las rocas de Radicofani.
650 #4 - PUNTO DE ACCESO ADICIONAL DE MATERIA--TÉRMINO DE MATERIA
Término de materia o nombre geográfico como elemento de entrada Vulcanismo-
Subdivisión geográfica Italia
9 (RLIN) 173715
650 #7 - PUNTO DE ACCESO ADICIONAL DE MATERIA--TÉRMINO DE MATERIA
Término de materia o nombre geográfico como elemento de entrada Volcanes-
Subdivisión geográfica Italia
Fuente del encabezamiento o término embne
9 (RLIN) 241397
852 ## - LOCALIZACIÓN
Ubicación ES-MaACL
Ubicación en estantería Depósito folletos
Marcas de propiedad Ex-libris ms. de Giuseppe Mercalli
Donativo/Legado Legado de Federico de Botella y de Hornos
Número de control de estantería T-899-F-7
Encuadernación Enc. en un vol. facticio
-- Holandesa, falto de cub. original
942 ## - ELEMENTOS DE ENTRADA SECUNDARIOS (KOHA)
Fuente del sistema de clasificación o colocación Clasificación decimal universal
Tipo de ítem Koha Folleto
Suprimir en OPAC No
Holdings
Estatus retirado Estado de pérdida Fuente del sistema de clasificación o colocación Estado de daño No para préstamo Colección Biblioteca de origen Biblioteca actual Ubicación en estantería Fecha de adquisición Fuente de adquisición Total de préstamos Signatura topográfica completa Código de barras Visto por última vez Tipo de ítem Koha
    Clasificación decimal universal     Colección de folletos Biblioteca del Ateneo de Madrid Biblioteca del Ateneo de Madrid Depósito folletos 17/01/2008 Legado   T-899-F-7 1166929 23/02/2023 Folleto